Текст томруулах:    
The American pageant (Бичлэгийн дугаар. 146833)
000 -УДИРДЛАГА
Удирдлага 00766nam a22002657a 4500
003 - ХЯНАЛТЫН ТОО ТОДОРХОЙЛОГЧ
Код MN-UlNUM
005 - БИЧИЛТ ХИЙСЭН ОГНОО
Тухайн бичилтийг бичсэн засварласан сүүлийн огноо 20260401173627.0
008 - ЕРӨНХИЙ МЭДЭЭЛЭЛ
Ерөнхий мэдээлэл 260401s1987 maua b 001 0 eng
020 ## - ISBN
ISBN 0669108111
-- 066910812X
040 ## - БИЧЛЭГ ҮҮСГЭГЧ БАЙГУУЛЛАГА
Бичлэг үүсгэгч номын сангийн код МУИС-ийн номын сан
084 ## - ББК АНГИЛАЛ
Нэмэлт тусгалт Нэг сэдэвт бүтээл
ББК ангилал 63.3(7)
Зохиогчийн гурван тэмдэгт B 16
Мэдлэгийн ялгаа 63 - Түүх
100 ## - ЗОХИОГЧ
Зохиогчийн нэр Bailey, Thomas Andrew
245 ## - ҮНДСЭН ГАРЧИГ
Номын нэр The American pageant
Бага гарчгийн мэдээ a history of the republic
250 ## - ДАХИН ХЭВЛЭЛТ
Дахин гаралтын дугаар 8th edition
260 ## - ГАРАЛТЫН МЭДЭЭ
Хэвлэгдсэн газар Lexington, Mass. : $b Heath, $c c1987
Хэвлэлийн газар Heath
Хэвлэгдсэн он 1987
300 ## - МАТЕРИАЛЫН ТОДОРХОЙЛОЛТ
хуудасны тоо 2 v. (xviii, 949, xxxiv p.) :
Бусад тоон мэдээлэл ill. (some col.) ;
Хэмжээ 26 cm
500 ## - Тайлбар
Дансны дугаар БС 4469
546 ## - ХЭЛНИЙ ТУХАЙ МЭДЭЭ
Хэл Англи хэл дээр,
653 ## - Түлхүүр үг
Түлхүүр үг United States
653 ## - Түлхүүр үг
Түлхүүр үг history
700 ## - ХАМ ЗОХИОГЧИД
Ба бус Kennedy, David M
942 ## - ЭЛЕМЕНТИЙН ТӨРӨЛ
Зүйлийн төрөл Ном